000 01246nam a22002890a 4500
001 PT21261
003 AR-LpoUNG
005 20210131233001.0
008 191001s2004||||ag |||||||||||||||||spa d
020 _a9875504378
_c$6,66
040 _aAR-LpoUNG
_bspa
_cAR-LpoUNG
_eaacr
041 _aspa
044 _aag
082 0 _a891.7 722cri
100 1 _aDostoyevsky, Fyodor
245 1 0 _aCrimen y castigo :
_bversión completa
250 _a1§ ed.
260 _aBuenos Aires :
_bLongseller,
_c2004.
300 _a592 p. :
_bil., gráfs., fot.
520 _aCrimen y castigo es el estudio psicológico de un crimen y las reacciones del asesino ante el hecho cometido. El joven Raskonikov es tentado a sentirse superior o diferente del resto de la gente, y resuelve matar a una vieja usurera para robarle, aunque éste no es más que un móvil secundario. En la malignidad de la vieja encuentra la justificación de su acto. El joven termina aceptando una doctrina de redención y caridad, luego de un proceso psicológico que lo lleva a abandonar sus ideas nihilistas.
650 4 _aLITERATURA
653 _aDOSTOIEVSKI, FEDOR
653 _aLITERATURA RUSA
700 1 _aFernández, J. M.
_etr.
905 _a21261
942 _cLSALA
999 _c18527
_d18527